000 01087naa a22003137a 4500
001 BR9400290
003 BR-BrBNA
005 20240918181056.0
007 ta
008 230509b bl.||||| |||| 00| 0 por d
040 _aBR-BrBNA
_bpor
_cBiblioteca Nacional de Agricultura
041 _a(Pt)
072 _aU10; F06
090 _aU10 BR9400290
100 1 _aMantovani, S.C.A.
100 1 _aOki, N.
100 1 _aAvilez Filho, O.V. de
111 1 _a22. Congresso Brasileiro de Engenharia Agricola
_cIlheus, BA (Brazil)
_d19-23 Jul 1993
245 1 _aSistema de automacao aplicado a irrigacao
260 3 _aIlheus, BA (Brasil):
_c1993.
500 _a22. Congresso Brasileiro de Engenharia Agricola. Anais Ilheus, BA (Brasil): 1993. v. 4 p. 2273-2284 (BR9400290-AM)U10
650 _aIrrigacao
650 _aEvapotranspiracao
650 _aAutomacao
650 _aComputador
773 0 _t22. Congresso Brasileiro de Engenharia Agricola. Anais
_wU10 BR9400290
_gIlheus, BA (Brasil), 1993. v. 4 p. 2273-2284
909 _a202404
_bLucia
_c55
_dLucia Elande
942 _cAM
_2AGRIS
999 _c323510
_d323510